| 000 | 01136 a2200205 4500 | ||
|---|---|---|---|
| 001 | 25207 | ||
| 005 | 20260407155535.0 | ||
| 008 | 260407a1972 arg spa d | ||
| 003 | AR-UNSa-BCEJYS | ||
| 040 |
_aAR-UNSa-BCEJYS _bspa _cAR-UNSa-BCEJYS |
||
| 080 |
_a519.2 _xProbabilidades y estadística matemática |
||
| 245 | 1 | 0 |
_aIntroducción a la probabilidad y la estadística _pguía programada |
| 264 | 1 |
_aMéxico : _bHerrero Hermanos Sucesores _c1972 |
|
| 300 |
_axi, 408 p. _c27 cm. |
||
| 505 | _a1. Introducción - 2. Notación matemática útil - 3. Descripción de distribuciones de medidas - 4. Probabilidad - 5. Variables aleatorias y distribuciones de probabilidad - 6. La distribución binominal - 7. La distribución normal - 8. Inferencia estadística - 9. Inferencia a partir de muestras pequeñas - 10. Regresión y correlación lineal - 11. Análisis de datos enumerativos - 12. Consideraciones para diseñar experimentos - 13. El análisis de varianza - 14. Estdísticos no parametricos. | ||
| 942 | _cBK | ||
| 590 | _aniveau_biblio:m niveau_hierar:0 | ||
| 100 | 1 | _aBeaver, Robert J. | |
| 700 | 1 | _aMendenhall, William | |
| 999 |
_c1316 _d1316 |
||